000 00259nam a22001217a 4500
008 190225b xxu||||| |||| 00| 0 eng d
041 _aeng
080 _23rd
_a510
100 _a36
101 _aMAT
245 _aCollege Algebra
_cBittinger
942 _2udc
_cBK
999 _c54220
_d54220